Discover histrory & civics/ (Record no. 40413)

MARC details
000 -LEADER
fixed length control field 00632nam a22001937a 4500
005 - DATE AND TIME OF LATEST TRANSACTION
control field 20100809152621.0
010 ## - LCCN (DPL NO)
LC control number ENG-99101
020 ## - INTERNATIONAL STANDARD BOOK NUMBER
International Standard Book Number 9788125037415
Terms of availability 184.00
035 ## - SYSTEM CONTROL NUMBER
System control number EN-82633
037 ## - SOURCE OF ACQUISITION
Source of stock number/acquisition DBAD/PUB
082 ## - DEWEY DECIMAL CLASSIFICATION NUMBER
Classification number 954
100 ## - MAIN ENTRY--PERSONAL NAME
Personal name Annapurna Devi
245 ## - TITLE STATEMENT
Title Discover histrory & civics/
Statement of responsibility, etc by Annapurna Devi
260 ## - PUBLICATION, DISTRIBUTION, ETC. (IMPRINT)
Place of publication, distribution, etc Anna Salai
Name of publisher, distributor, etc Orient Blackswan
Date of publication, distribution, etc 2010
270 ## - ADDRESS
Address 160,Anna Salai
City Chennai
Postal code 600002
300 ## - PHYSICAL DESCRIPTION
Extent 354p.
Dimensions 24cm (pbk)
942 ## - ADDED ENTRY ELEMENTS (KOHA)
Source of classification or shelving scheme Dewey Decimal Classification
Item type English Books
Classification part 954
Call number suffix ANN
Holdings
Withdrawn status Lost status Not for loan Collection code Home library Current library Date acquired Source of acquisition Cost, normal purchase price Full call number Barcode Copy number Cost, replacement price Koha item type
    Not For Loan Non-fiction D.B.Act.Division D.B.Act.Division 09/08/2010 DBAD / PUB 184.00 954 ANN EN-82633 1 184.00 English Books

© Delhi Public Library
Hit Counter
free hit counter